[Event "European Rapid Championship 2021"]
[Site "Katowice"]
[Date "2021.12.18"]
[Round "6.23"]
[White "Wiewiora, Eneasz"]
[Black "Kolasa, Pjotrs"]
[Result "1-0"]
[WhiteElo "2333"]
[BlackElo "2051"]
[Annotator "NA"]
[PlyCount "77"]
[EventDate "2021.12.18"]
[EventType "swiss"]
[EventCountry "POL"]
[SourceTitle "playchess.com"]
[Source "ChessBase"]
[SourceQuality "1"]
[TimeControl "900+10"]

1. e4 {[%emt 0:00:02]} e5 {[%emt 0:00:02]} 2. Nf3 {[%emt 0:00:01]} Nc6 {
[%emt 0:00:02]} 3. Bc4 {[%emt 0:00:01]} Nf6 {[%emt 0:00:02]} 4. d3 {[%emt 0:00:
02]} Be7 {[%emt 0:00:02]} 5. O-O {[%emt 0:00:01]} O-O {[%emt 0:00:02]} 6. Re1 {
[%emt 0:00:02]} d6 {[%emt 0:00:02]} 7. a4 {[%emt 0:00:01]} Be6 {[%emt 0:00:25]}
8. Nbd2 {[%emt 0:00:02]} Qd7 {[%emt 0:00:02]} 9. c3 {[%emt 0:00:11]} Rae8 {
[%emt 0:00:45]} 10. b4 {[%emt 0:00:45]} Bd8 {[%emt 0:00:06]} 11. b5 {[%emt 0:
04:15]} Ne7 {[%emt 0:00:05]} 12. Bxe6 {[%emt 0:00:04]} fxe6 {[%emt 0:01:25]}
13. d4 {[%emt 0:00:07]} exd4 {[%emt 0:00:02]} 14. cxd4 {[%emt 0:00:03]} Ng6 {
[%emt 0:00:06]} 15. Nf1 {[%emt 0:01:15]} d5 {[%emt 0:04:56]} 16. Ne5 {[%emt 0:
02:22]} Qc8 {[%emt 0:01:14]} 17. Nxg6 {[%emt 0:00:58]} hxg6 {[%emt 0:00:01]}
18. e5 {[%emt 0:00:47]} Nh5 {[%emt 0:01:00]} 19. Qg4 {[%emt 0:00:26]} Kh7 {
[%emt 0:00:24]} 20. Ra3 {[%emt 0:00:02]} Qd7 {[%emt 0:01:36]} 21. Rh3 {[%emt 0:
02:47]} Qf7 {[%emt 0:00:38]} 22. Be3 {[%emt 0:00:36]} Kg8 {[%emt 0:00:29]} 23.
Rf3 {[%emt 0:00:17]} Qe7 {[%emt 0:01:29]} 24. Rxf8+ {[%emt 0:00:45]} Rxf8 {
[%emt 0:00:02]} 25. Qxg6 {[%emt 0:00:02]} Nf4 {[%emt 0:00:19]} 26. Qg4 {
[%emt 0:00:43]} Qg5 {[%emt 0:00:12]} 27. Qxg5 {[%emt 0:00:09]} Bxg5 {[%emt 0:
00:01]} 28. Bxf4 {[%emt 0:01:28]} Rxf4 {[%emt 0:00:16]} 29. Rd1 {[%emt 0:00:01]
} Kf8 {[%emt 0:01:04]} 30. Ng3 {[%emt 0:00:32]} Be7 {[%emt 0:00:37]} 31. Ne2 {
[%emt 0:00:10]} Re4 {[%emt 0:00:18]} 32. Kf1 {[%emt 0:00:05]} Ba3 {[%emt 0:00:
29]} 33. Rd3 {[%emt 0:00:21]} Bb2 {[%emt 0:00:10]} 34. g3 {[%emt 0:00:01]} Rg4
{[%emt 0:00:20]} 35. f4 {[%emt 0:00:07]} Ke8 {[%emt 0:00:52]} 36. Rb3 {[%emt 0:
00:11]} Ba1 {[%emt 0:00:05]} 37. Kf2 {[%emt 0:00:10]} c5 {[%emt 0:00:32]} 38.
bxc6 {[%emt 0:00:06]} bxc6 {[%emt 0:00:01]} 39. Rb1 {[%emt 0:00:05]} 1-0

[Event "European Rapid Championship 2021"]
[Site "Katowice"]
[Date "2021.12.18"]
[Round "6.23"]
[White "Danielyan, Vahe"]
[Black "Redzisz, Michal"]
[Result "1-0"]
[WhiteElo "2198"]
[BlackElo "2257"]
[Annotator "NA"]
[PlyCount "135"]
[EventDate "2021.12.18"]
[EventType "swiss"]
[EventCountry "POL"]
[SourceTitle "playchess.com"]
[Source "ChessBase"]
[SourceQuality "1"]
[TimeControl "900+10"]

1. e4 {[%emt 0:00:01]} e5 {[%emt 0:00:01]} 2. Nf3 {[%emt 0:00:01]} Nf6 {
[%emt 0:00:01]} 3. Nc3 {[%emt 0:00:38]} Bb4 {[%emt 0:00:00]} 4. Nxe5 {[%emt 0:
00:19]} O-O {[%emt 0:00:02]} 5. Be2 {[%emt 0:00:03]} Re8 {[%emt 0:00:08]} 6.
Nd3 {[%emt 0:00:01]} Bxc3 {[%emt 0:00:02]} 7. dxc3 {[%emt 0:00:01]} Nxe4 {
[%emt 0:00:01]} 8. O-O {[%emt 0:00:02]} d6 {[%emt 0:00:00]} 9. Nf4 {[%emt 0:00:
21]} b6 {[%emt 0:00:42]} 10. Bf3 {[%emt 0:00:03]} Bb7 {[%emt 0:00:00]} 11. Re1
{[%emt 0:00:09]} Nd7 {[%emt 0:00:12]} 12. a4 {[%emt 0:00:13]} a5 {[%emt 0:00:
55]} 13. Be3 {[%emt 0:00:27]} Qc8 {[%emt 0:07:53]} 14. Bd4 {[%emt 0:00:13]}
Nef6 {[%emt 0:00:48]} 15. Rxe8+ {[%emt 0:00:09]} Nxe8 {[%emt 0:00:01]} 16. Nd5
{[%emt 0:00:01]} Bxd5 {[%emt 0:01:06]} 17. Bxd5 c6 18. Bf3 {[%emt 0:00:08]} d5
{[%emt 0:00:01]} 19. Qd2 {[%emt 0:00:09]} Nef6 {[%emt 0:00:22]} 20. Re1 {
[%emt 0:00:03]} Qf8 {[%emt 0:00:29]} 21. c4 {[%emt 0:00:14]} Re8 {[%emt 0:00:
11]} 22. cxd5 {[%emt 0:00:03]} cxd5 {[%emt 0:01:02]} 23. g3 {[%emt 0:00:18]}
Re6 {[%emt 0:00:27]} 24. Qc3 {[%emt 0:00:41]} Rxe1+ {[%emt 0:01:06]} 25. Qxe1 {
[%emt 0:00:01]} Qd6 {[%emt 0:00:01]} 26. c3 {[%emt 0:00:11]} h6 {[%emt 0:00:09]
} 27. b4 {[%emt 0:00:01]} Qc6 {[%emt 0:00:45]} 28. Kg2 {[%emt 0:00:13]} Qxa4 {
[%emt 0:00:19]} 29. bxa5 {[%emt 0:00:21]} bxa5 {[%emt 0:00:05]} 30. Qe7 {
[%emt 0:00:02]} Qb5 {[%emt 0:00:40]} 31. Be2 {[%emt 0:00:08]} Qb8 {[%emt 0:00:
03]} 32. Bd3 {[%emt 0:00:18]} Qf8 {[%emt 0:00:27]} 33. Qe2 {[%emt 0:00:24]} a4
{[%emt 0:00:12]} 34. Qa2 {[%emt 0:00:13]} a3 {[%emt 0:00:04]} 35. Bf5 {[%emt 0:
00:08]} Qe7 {[%emt 0:00:29]} 36. h3 {[%emt 0:00:18]} Qd6 {[%emt 0:00:10]} 37.
Qb3 {[%emt 0:00:10]} g6 {[%emt 0:00:34]} 38. Bd3 {[%emt 0:00:07]} Ne4 {[%emt 0:
00:39]} 39. Qa4 {[%emt 0:00:15]} Nf8 {[%emt 0:00:42]} 40. Qa8 {[%emt 0:00:11]}
Kh7 {[%emt 0:00:28]} 41. Bc2 {[%emt 0:00:24]} h5 {[%emt 0:00:01]} 42. Bb3 {
[%emt 0:00:06]} h4 {[%emt 0:00:07]} 43. Qxd5 {[%emt 0:00:50]} Qxd5 {[%emt 0:00:
02]} 44. Bxd5 {[%emt 0:00:01]} Ne6 {[%emt 0:00:01]} 45. Be5 {[%emt 0:01:01]}
N4c5 {[%emt 0:00:25]} 46. Bc4 {[%emt 0:00:45]} hxg3 {[%emt 0:00:02]} 47. fxg3 {
[%emt 0:00:01]} Nd7 {[%emt 0:00:14]} 48. Bd6 {[%emt 0:00:08]} Ndc5 {[%emt 0:00:
27]} 49. Kf3 Kg7 50. Ba2 {[%emt 0:00:40]} Ng5+ {[%emt 0:00:22]} 51. Ke3 {
[%emt 0:00:17]} Na4 {[%emt 0:00:18]} 52. Bxa3 {[%emt 0:00:15]} Nxh3 {[%emt 0:
00:11]} 53. c4 {[%emt 0:00:08]} Kf6 {[%emt 0:00:13]} 54. Bb3 {[%emt 0:00:03]}
Nb6 {[%emt 0:00:01]} 55. c5 {[%emt 0:00:01]} Nc8 {[%emt 0:00:04]} 56. c6 {
[%emt 0:00:14]} Ng5 {[%emt 0:00:05]} 57. Kd4 {[%emt 0:00:54]} Na7 {[%emt 0:00:
04]} 58. Kd5 {[%emt 0:00:50]} Ne6 {[%emt 0:00:07]} 59. Bb2+ {[%emt 0:01:01]}
Ke7 {[%emt 0:00:11]} 60. Bc4 {[%emt 0:00:10]} f5 {[%emt 0:00:19]} 61. Ba3+ {
[%emt 0:00:20]} Kf6 {[%emt 0:00:08]} 62. Bd6 {[%emt 0:00:29]} g5 {[%emt 0:00:
11]} 63. Be5+ {[%emt 0:00:31]} Kf7 {[%emt 0:00:01]} 64. Bb8 {[%emt 0:01:07]}
Nxc6 {[%emt 0:00:40]} 65. Kxc6 {[%emt 0:00:06]} Kf6 {[%emt 0:00:01]} 66. Kd5 {
[%emt 0:00:04]} g4 {[%emt 0:00:19]} 67. Be5+ {[%emt 0:00:07]} Ke7 {[%emt 0:00:
02]} 68. Bd3 {[%emt 0:00:06]} 1-0

[Event "European Rapid Championship 2021"]
[Site "Katowice"]
[Date "2021.12.18"]
[Round "6.24"]
[White "Przybylski, Wojciech"]
[Black "Widelski, Kacper"]
[Result "1-0"]
[WhiteElo "2321"]
[BlackElo "1884"]
[Annotator "NA"]
[PlyCount "45"]
[EventDate "2021.12.18"]
[EventType "swiss"]
[EventCountry "POL"]
[SourceTitle "playchess.com"]
[Source "ChessBase"]
[SourceQuality "1"]
[TimeControl "900+10"]

1. e4 {[%emt 0:00:03]} c5 {[%emt 0:00:02]} 2. Nf3 {[%emt 0:00:03]} g6 {[%emt 0:
00:02]} 3. c4 {[%emt 0:00:12]} Bg7 {[%emt 0:00:03]} 4. d4 {[%emt 0:00:04]} cxd4
{[%emt 0:00:02]} 5. Nxd4 {[%emt 0:00:03]} Nc6 {[%emt 0:00:01]} 6. Be3 {[%emt 0:
00:32]} Nf6 {[%emt 0:00:03]} 7. Nc3 {[%emt 0:00:07]} Ng4 {[%emt 0:00:03]} 8.
Qxg4 {[%emt 0:00:08]} Nxd4 {[%emt 0:00:03]} 9. Qd1 {[%emt 0:00:27]} Ne6 {
[%emt 0:00:02]} 10. Be2 {[%emt 0:00:24]} Qa5 {[%emt 0:00:47]} 11. O-O {[%emt 0:
04:42]} Bxc3 {[%emt 0:01:19]} 12. bxc3 {[%emt 0:00:02]} Qxc3 {[%emt 0:01:01]}
13. c5 {[%emt 0:00:01]} Qe5 {[%emt 0:00:57]} 14. Qa4 {[%emt 0:07:21]} O-O {
[%emt 0:01:38]} 15. f4 {[%emt 0:00:03]} Qc3 {[%emt 0:00:08]} 16. Qb3 {[%emt 0:
00:40]} Qa5 {[%emt 0:02:02]} 17. Rac1 {[%emt 0:01:51]} Rb8 {[%emt 0:01:15]} 18.
f5 {[%emt 0:00:07]} Nd8 {[%emt 0:00:57]} 19. Bc4 {[%emt 0:00:29]} Kg7 {[%emt 0:
00:52]} 20. f6+ {[%emt 0:00:14]} exf6 {[%emt 0:00:12]} 21. Qb2 {[%emt 0:00:18]}
b5 {[%emt 0:00:48]} 22. Qxf6+ {[%emt 0:00:06]} Kg8 {[%emt 0:00:01]} 23. Bd4 {
[%emt 0:00:17]} 1-0

[Event "European Rapid Championship 2021"]
[Site "Katowice"]
[Date "2021.12.18"]
[Round "6.24"]
[White "Lukasiewicz, Krzysztof"]
[Black "Wieczorek, Oskar"]
[Result "0-1"]
[WhiteElo "2251"]
[BlackElo "2367"]
[Annotator "NA"]
[PlyCount "108"]
[EventDate "2021.12.18"]
[EventType "swiss"]
[EventCountry "POL"]
[SourceTitle "playchess.com"]
[Source "ChessBase"]
[SourceQuality "1"]
[TimeControl "900+10"]

1. d4 {[%emt 0:00:01]} Nf6 {[%emt 0:00:01]} 2. Bf4 {[%emt 0:00:02]} g6 {
[%emt 0:00:40]} 3. Nc3 {[%emt 0:00:02]} c5 {[%emt 0:00:11]} 4. e3 {[%emt 0:01:
19]} Bg7 {[%emt 0:00:10]} 5. h4 {[%emt 0:00:02]} cxd4 {[%emt 0:04:49]} 6. exd4
{[%emt 0:00:17]} Qa5 {[%emt 0:00:06]} 7. Qd2 {[%emt 0:00:16]} d6 {[%emt 0:00:
11]} 8. Bc4 {[%emt 0:00:37]} Bf5 {[%emt 0:04:34]} 9. Bb3 {[%emt 0:00:18]} O-O {
[%emt 0:00:42]} 10. Nge2 {[%emt 0:02:37]} e5 {[%emt 0:01:11]} 11. Bh6 {[%emt 0:
01:17]} Bxh6 {[%emt 0:01:24]} 12. Qxh6 {[%emt 0:00:01]} exd4 {[%emt 0:00:10]}
13. Nxd4 {[%emt 0:00:02]} Qe5+ {[%emt 0:00:32]} 14. Nde2 {[%emt 0:00:11]} Nc6 {
[%emt 0:00:22]} 15. Qf4 {[%emt 0:03:56]} Rfe8 {[%emt 0:01:03]} 16. Qxe5 dxe5 {
[%emt 0:00:05]} 17. O-O-O {[%emt 0:00:35]} Ng4 {[%emt 0:00:45]} 18. Rhf1 {
[%emt 0:00:05]} Rad8 {[%emt 0:00:01]} 19. Nd5 {[%emt 0:00:39]} Na5 {[%emt 0:00:
41]} 20. Ba4 {[%emt 0:00:22]} Rf8 {[%emt 0:00:06]} 21. f3 {[%emt 0:01:09]} Rxd5
{[%emt 0:00:01]} 22. Rxd5 {[%emt 0:00:02]} Ne3 {[%emt 0:00:01]} 23. Rxa5 {
[%emt 0:01:00]} Nxf1 {[%emt 0:00:11]} 24. Rxe5 {[%emt 0:00:02]} Rd8 {[%emt 0:
00:13]} 25. g4 {[%emt 0:01:20]} Bc8 {[%emt 0:00:03]} 26. Nc3 {[%emt 0:01:38]}
Kf8 {[%emt 0:00:47]} 27. Re1 {[%emt 0:00:53]} Nh2 {[%emt 0:00:01]} 28. Re3 {
[%emt 0:00:21]} f5 {[%emt 0:00:01]} 29. gxf5 {[%emt 0:00:15]} Bxf5 {[%emt 0:00:
05]} 30. Bb5 {[%emt 0:00:03]} Rd4 {[%emt 0:00:09]} 31. Ne4 {[%emt 0:00:12]}
Nxf3 {[%emt 0:00:06]} 32. Rxf3 {[%emt 0:00:18]} Rxe4 {[%emt 0:00:01]} 33. Bd3 {
[%emt 0:00:16]} Re5 {[%emt 0:00:00]} 34. Bxf5 {[%emt 0:00:27]} gxf5 {[%emt 0:
00:01]} 35. Kd2 {[%emt 0:00:01]} Kf7 {[%emt 0:00:01]} 36. Rc3 {[%emt 0:00:06]}
Re7 {[%emt 0:00:06]} 37. Re3 {[%emt 0:00:15]} Rc7 {[%emt 0:00:30]} 38. b3 {
[%emt 0:00:01]} Kf6 {[%emt 0:00:02]} 39. c4 {[%emt 0:00:12]} Rg7 {[%emt 0:00:
08]} 40. Rd3 {[%emt 0:00:22]} Ke5 {[%emt 0:00:08]} 41. Rd8 {[%emt 0:00:10]} Ke4
{[%emt 0:00:19]} 42. Rf8 {[%emt 0:00:13]} Rg2+ {[%emt 0:00:03]} 43. Kc3 {
[%emt 0:00:01]} f4 {[%emt 0:00:17]} 44. Rf7 {[%emt 0:00:03]} f3 {[%emt 0:00:04]
} 45. Re7+ {[%emt 0:00:19]} Kf4 {[%emt 0:00:03]} 46. Rxb7 {[%emt 0:00:01]} f2 {
[%emt 0:00:31]} 47. Rf7+ {[%emt 0:00:21]} Ke3 {[%emt 0:00:01]} 48. Re7+ {
[%emt 0:00:08]} Kf3 {[%emt 0:00:01]} 49. Rf7+ {[%emt 0:00:01]} Ke2 {[%emt 0:00:
03]} 50. Re7+ {[%emt 0:00:06]} Kd1 {[%emt 0:00:13]} 51. Rd7+ {[%emt 0:00:31]}
Ke2 {[%emt 0:00:02]} 52. Re7+ {[%emt 0:00:01]} Kf1 {[%emt 0:00:00]} 53. c5 {
[%emt 0:00:09]} Rg3+ {[%emt 0:00:22]} 54. Kd2 {[%emt 0:00:13]} Kg2 {[%emt 0:00:
47]} 0-1

[Event "European Rapid Championship 2021"]
[Site "Katowice"]
[Date "2021.12.18"]
[Round "6.25"]
[White "Baum, Jonasz"]
[Black "Kukula, Pawel"]
[Result "0-1"]
[WhiteElo "2343"]
[BlackElo "2088"]
[Annotator "NA"]
[PlyCount "74"]
[EventDate "2021.12.18"]
[EventType "swiss"]
[EventCountry "POL"]
[SourceTitle "playchess.com"]
[Source "ChessBase"]
[SourceQuality "1"]
[TimeControl "900+10"]

1. d4 {[%emt 0:00:01]} Nf6 {[%emt 0:00:02]} 2. c4 {[%emt 0:00:01]} e6 {[%emt 0:
00:08]} 3. Nc3 {[%emt 0:00:10]} c5 4. d5 {[%emt 0:00:21]} exd5 {[%emt 0:00:11]}
5. cxd5 {[%emt 0:00:01]} Bd6 {[%emt 0:00:04]} 6. Nf3 {[%emt 0:02:19]} Bc7 {
[%emt 0:00:02]} 7. d6 {[%emt 0:01:54]} Ba5 8. Bg5 {[%emt 0:01:32]} h6 {[%emt 0:
00:18]} 9. Bh4 {[%emt 0:00:00]} g5 {[%emt 0:02:13]} 10. Bg3 Nc6 11. e3 {
[%emt 0:00:54]} Ne4 {[%emt 0:01:19]} 12. Bc4 {[%emt 0:02:43]} Nxc3 {[%emt 0:00:
41]} 13. bxc3 {[%emt 0:00:01]} Bxc3+ {[%emt 0:00:27]} 14. Ke2 {[%emt 0:00:34]}
Bg7 {[%emt 0:02:32]} 15. Qd3 {[%emt 0:00:53]} O-O {[%emt 0:00:48]} 16. h4 Nb4 {
[%emt 0:00:50]} 17. Qb1 {[%emt 0:01:36]} g4 {[%emt 0:03:17]} 18. Ng5 {[%emt 0:
01:50]} hxg5 {[%emt 0:00:19]} 19. hxg5 {[%emt 0:00:03]} Re8 {[%emt 0:00:01]}
20. Qh7+ {[%emt 0:01:29]} Kf8 {[%emt 0:00:01]} 21. Qf5 {[%emt 0:00:40]} Re6 {
[%emt 0:00:10]} 22. Bxe6 {[%emt 0:01:32]} dxe6 {[%emt 0:00:08]} 23. Qxc5 {
[%emt 0:00:01]} Nd5 {[%emt 0:01:39]} 24. Rac1 {[%emt 0:00:24]} Bd7 {[%emt 0:00:
05]} 25. Qc2 {[%emt 0:00:10]} Bb5+ {[%emt 0:00:13]} 26. Kd1 {[%emt 0:00:10]}
Nc3+ {[%emt 0:00:13]} 27. Qxc3 {[%emt 0:00:06]} Bxc3 {[%emt 0:00:02]} 28. Rxc3
{[%emt 0:00:01]} Qa5 {[%emt 0:02:43]} 29. Rh8+ {[%emt 0:00:03]} Kg7 {[%emt 0:
00:02]} 30. Be5+ {[%emt 0:00:02]} Kg6 {[%emt 0:00:14]} 31. Rxa8 {[%emt 0:00:35]
} Ba4+ {[%emt 0:00:01]} 32. Kd2 {[%emt 0:00:05]} Qxe5 {[%emt 0:00:01]} 33. Rd8
{[%emt 0:00:17]} Qd5+ {[%emt 0:00:05]} 34. Rd3 {[%emt 0:00:11]} Qxa2+ {[%emt 0:
00:02]} 35. Ke1 {[%emt 0:00:09]} Bb5 {[%emt 0:00:00]} 36. Rd2 {[%emt 0:00:08]}
Qa1+ {[%emt 0:00:02]} 37. Rd1 {[%emt 0:00:01]} Qa5+ {[%emt 0:00:01]} 0-1

[Event "European Rapid Championship 2021"]
[Site "Katowice"]
[Date "2021.12.18"]
[Round "6.25"]
[White "Malczyk, Radoslaw"]
[Black "Sanz Wawer, Daniel"]
[Result "0-1"]
[WhiteElo "1926"]
[BlackElo "2371"]
[Annotator "NA"]
[PlyCount "104"]
[EventDate "2021.12.18"]
[EventType "swiss"]
[EventCountry "POL"]
[SourceTitle "playchess.com"]
[Source "ChessBase"]
[SourceQuality "1"]
[TimeControl "900+10"]

1. d4 {[%emt 0:00:03]} Nf6 {[%emt 0:00:01]} 2. Bg5 {[%emt 0:00:03]} d5 {
[%emt 0:00:01]} 3. Bxf6 {[%emt 0:00:05]} exf6 {[%emt 0:00:02]} 4. e3 {[%emt 0:
00:02]} Bd6 {[%emt 0:00:02]} 5. c4 {[%emt 0:00:05]} dxc4 {[%emt 0:00:07]} 6.
Bxc4 {[%emt 0:00:02]} O-O {[%emt 0:00:04]} 7. Ne2 {[%emt 0:00:05]} f5 {[%emt 0:
00:35]} 8. O-O {[%emt 0:00:14]} b6 {[%emt 0:00:01]} 9. Ng3 {[%emt 0:01:49]} g6
{[%emt 0:00:40]} 10. Qf3 {[%emt 0:00:10]} c6 {[%emt 0:00:01]} 11. Nc3 {[%emt 0:
00:05]} Bb7 {[%emt 0:00:20]} 12. Rad1 {[%emt 0:00:38]} Qc7 {[%emt 0:03:36]} 13.
e4 {[%emt 0:02:33]} b5 {[%emt 0:00:22]} 14. Bd3 {[%emt 0:00:35]} b4 {[%emt 0:
00:25]} 15. Nce2 {[%emt 0:00:14]} c5 {[%emt 0:01:11]} 16. dxc5 {[%emt 0:03:05]}
Bxc5 {[%emt 0:00:34]} 17. Rc1 {[%emt 0:00:01]} Nd7 {[%emt 0:00:11]} 18. Qf4 {
[%emt 0:00:57]} Qxf4 {[%emt 0:00:56]} 19. Nxf4 {[%emt 0:00:02]} Bd6 {[%emt 0:
00:01]} 20. Nd5 {[%emt 0:00:10]} Bxd5 {[%emt 0:03:22]} 21. exd5 {[%emt 0:00:05]
} Nb6 {[%emt 0:00:02]} 22. Bb5 {[%emt 0:00:47]} Bxg3 {[%emt 0:00:21]} 23. hxg3
{[%emt 0:00:03]} Nxd5 {[%emt 0:00:17]} 24. Bc6 {[%emt 0:00:19]} Rad8 {[%emt 0:
00:02]} 25. a3 {[%emt 0:01:13]} bxa3 {[%emt 0:00:20]} 26. bxa3 {[%emt 0:00:01]}
Nf6 {[%emt 0:00:25]} 27. Bf3 {[%emt 0:01:00]} Rd7 {[%emt 0:01:18]} 28. Rc6 {
[%emt 0:00:45]} Kg7 {[%emt 0:00:21]} 29. Rfc1 {[%emt 0:00:23]} Rb8 {[%emt 0:01:
08]} 30. Rc7 {[%emt 0:00:11]} Rb3 {[%emt 0:00:16]} 31. Rxd7 {[%emt 0:00:44]}
Nxd7 {[%emt 0:00:01]} 32. Rc7 {[%emt 0:00:12]} Ne5 {[%emt 0:00:01]} 33. Rxa7 {
[%emt 0:00:19]} Nxf3+ {[%emt 0:01:09]} 34. gxf3 {[%emt 0:00:02]} Rxf3 {[%emt 0:
00:02]} 35. a4 {[%emt 0:00:02]} Ra3 {[%emt 0:00:03]} 36. a5 {[%emt 0:00:12]}
Ra4 {[%emt 0:00:25]} 37. Kg2 {[%emt 0:00:23]} f4 {[%emt 0:00:03]} 38. Ra8 {
[%emt 0:00:17]} fxg3 {[%emt 0:00:03]} 39. fxg3 {[%emt 0:00:01]} h5 {[%emt 0:00:
37]} 40. a6 {[%emt 0:00:02]} Kf6 {[%emt 0:00:23]} 41. Ra7 {[%emt 0:00:38]} Ke6
{[%emt 0:00:34]} 42. Kf3 {[%emt 0:00:10]} f6 {[%emt 0:00:08]} 43. Ra8 {[%emt 0:
00:14]} Kf5 {[%emt 0:00:13]} 44. a7 {[%emt 0:00:02]} Ra3+ {[%emt 0:00:01]} 45.
Kf2 {[%emt 0:00:01]} g5 {[%emt 0:00:19]} 46. Rh8 {[%emt 0:01:46]} Rxa7 {
[%emt 0:00:02]} 47. Rxh5 {[%emt 0:00:02]} Kg4 {[%emt 0:00:05]} 48. Rh6 {
[%emt 0:00:01]} Ra2+ {[%emt 0:00:12]} 49. Ke3 {[%emt 0:00:32]} f5 {[%emt 0:00:
05]} 50. Rg6 {[%emt 0:00:08]} Ra3+ {[%emt 0:00:02]} 51. Kf2 {[%emt 0:00:01]}
Rf3+ {[%emt 0:00:02]} 52. Ke2 {[%emt 0:00:03]} Rxg3 {[%emt 0:00:05]} 0-1

[Event "European Rapid Championship 2021"]
[Site "Katowice"]
[Date "2021.12.18"]
[Round "6.26"]
[White "Bjerre, Jonas Buhl"]
[Black "Karolczuk, Iwo"]
[Result "1/2-1/2"]
[WhiteElo "2330"]
[BlackElo "2007"]
[Annotator "NA"]
[PlyCount "74"]
[EventDate "2021.12.18"]
[EventType "swiss"]
[EventCountry "POL"]
[SourceTitle "playchess.com"]
[Source "ChessBase"]
[SourceQuality "1"]
[TimeControl "900+10"]

1. d4 {[%emt 0:00:01]} Nf6 {[%emt 0:00:02]} 2. c4 {[%emt 0:00:02]} g6 {[%emt 0:
00:02]} 3. Nc3 {[%emt 0:00:02]} Bg7 {[%emt 0:00:02]} 4. e4 {[%emt 0:00:02]} O-O
{[%emt 0:00:03]} 5. Nf3 {[%emt 0:00:01]} d6 {[%emt 0:00:03]} 6. Be2 {[%emt 0:
00:01]} c5 {[%emt 0:00:15]} 7. O-O {[%emt 0:00:06]} Nc6 {[%emt 0:00:02]} 8. d5
{[%emt 0:00:03]} Na5 {[%emt 0:00:02]} 9. Bf4 {[%emt 0:00:50]} Nh5 {[%emt 0:00:
27]} 10. Bg5 {[%emt 0:00:02]} h6 {[%emt 0:00:14]} 11. Be3 {[%emt 0:00:02]} e5 {
[%emt 0:00:22]} 12. dxe6 {[%emt 0:00:29]} Bxe6 {[%emt 0:00:05]} 13. Nd5 {
[%emt 0:00:56]} Bxd5 {[%emt 0:01:29]} 14. cxd5 {[%emt 0:01:52]} Bxb2 {[%emt 0:
00:17]} 15. Rb1 {[%emt 0:00:00]} Bg7 {[%emt 0:00:14]} 16. e5 {[%emt 0:00:08]}
dxe5 {[%emt 0:02:57]} 17. Bxc5 {[%emt 0:00:01]} e4 {[%emt 0:00:51]} 18. Nd4 {
[%emt 0:01:47]} Re8 {[%emt 0:01:41]} 19. Bxh5 {[%emt 0:00:21]} Qxd5 {[%emt 0:
00:40]} 20. Rb5 {[%emt 0:01:12]} Qxh5 {[%emt 0:00:18]} 21. Qxh5 {[%emt 0:02:09]
} gxh5 {[%emt 0:00:02]} 22. Nf5 {[%emt 0:00:01]} b6 {[%emt 0:00:43]} 23. Be3 {
[%emt 0:00:47]} Re6 {[%emt 0:00:18]} 24. Rc1 {[%emt 0:00:40]} Rd8 {[%emt 0:01:
50]} 25. h4 {[%emt 0:01:50]} Bf8 {[%emt 0:01:11]} 26. Rc7 {[%emt 0:00:23]} Nc6
{[%emt 0:00:26]} 27. a4 {[%emt 0:00:42]} Ne5 {[%emt 0:02:03]} 28. Rxa7 {
[%emt 0:00:38]} Ng4 {[%emt 0:01:36]} 29. g3 {[%emt 0:00:01]} Rd1+ {[%emt 0:00:
35]} 30. Kg2 {[%emt 0:00:01]} Ne5 {[%emt 0:00:07]} 31. Rc7 {[%emt 0:01:44]} Nd3
{[%emt 0:00:33]} 32. Nd4 {[%emt 0:01:08]} Ne1+ {[%emt 0:00:05]} 33. Kh3 {
[%emt 0:00:07]} Nf3 {[%emt 0:00:23]} 34. Nxe6 {[%emt 0:00:58]} Rh1+ {[%emt 0:
00:05]} 35. Kg2 {[%emt 0:00:00]} Rg1+ {[%emt 0:00:12]} 36. Kh3 {[%emt 0:00:01]}
Rh1+ {[%emt 0:00:02]} 37. Kg2 {[%emt 0:00:01]} Rg1+ {[%emt 0:00:11]} 1/2-1/2